[Event "IECG C3.1999.0.00092"]
[Site "IECG email"]
[Date "1999.01.25"]
[Round "?"]
[White "Janus, Charles"]
[Black "Lamere, Brian"]
[Result "0-1"]
[WhiteElo "1100"]
[BlackElo "1200"]
[PlyCount "64"]
[EventDate "1999.01.25"]
[EventType "tourn (corr)"]
[EventRounds "6"]
[SourceTitle "Corr 2008"]
[Source "ChessBase"]
[SourceDate "2008.06.24"]
[SourceVersion "1"]
[SourceVersionDate "2008.06.24"]
[SourceQuality "1"]

1. Nf3 Nf6 2. g3 d5 3. Bg2 c6 4. 0-0 Bg4 5. d3 e6 6. Nbd2 Be7 7. e4 0-0 8. e5 Nfd7 9. d4 f6 10. Re1 fxe5 11. dxe5 Rf5 12. h3 Bxf3 13. Nxf3 Na6 14. Qe2 Nac5 15. Bf4 h6 16. Nd4 Rf7 17. Rad1 Nf8 18. Bf3 g5 19. Bh5 gxf4 20. Bxf7+ Kxf7 21. Qh5+ Ng6 22. Qxh6 Qh8 23. Qxh8 Rxh8 24. Kg2 fxg3 25. fxg3 Bd8 26. Rf1+ Kg7 27. Nf3 Ne4 28. Rd4 Bc7 29. Rb4 b5 30. Nd4 Bxe5 31. Nxe6+ Kh6 32. Rf3 a5 0-1

[Event "IECG C3.1999.0.00092"]
[Site "IECG email"]
[Date "1999.01.25"]
[Round "?"]
[White "Lamere, Brian"]
[Black "Sprik, Sander"]
[Result "0-1"]
[WhiteElo "1200"]
[BlackElo "800"]
[PlyCount "74"]
[EventDate "1999.01.25"]
[EventType "tourn (corr)"]
[EventRounds "6"]
[SourceTitle "Corr 2008"]
[Source "ChessBase"]
[SourceDate "2008.06.24"]
[SourceVersion "1"]
[SourceVersionDate "2008.06.24"]
[SourceQuality "1"]

1. d4 d5 2. c4 e6 3. Nc3 c6 4. e4 dxe4 5. Nxe4 Bb4+ 6. Bd2 Qxd4 7. Bxb4 Qxe4+ 8. Ne2 Na6 9. Bf8 Ne7 10. Bxg7 Rg8 11. Qd4 Qxd4 12. Bxd4 c5 13. Bc3 Nc6 14. 0-0-0 e5 15. Ng3 Be6 16. Be2 Rd8 17. Bf3 Nab4 18. Bxb4 Nxb4 19. Bxb7 Nxa2+ 20. Kb1 Nc3+ 21. bxc3 Rb8 22. Ne4 Rxb7+ 23. Kc2 Bf5 24. f3 Rxg2+ 25. Rd2 Bxe4+ 26. fxe4 Rb2+ 27. Kxb2 Rxd2+ 28. Kb3 Re2 29. Ra1 Rxh2 30. Rxa7 Re2 31. Rc7 Rxe4 32. Rxc5 Kd7 33. Rd5+ Kc6 34. Rd8 f5 35. Rf8 f4 36. Rh8 f3 37. Rxh7 f2 0-1